000 02224nam a2200241Ia 4500
999 _c51776
_d51776
001 18768
003 GE_BSU
005 20220919164035.0
008 181216s2013||||ge |||||||||||||| ||geo||
040 _cGE_BSU
041 _ageo
080 _a61 ნ-21
100 _aნაკაშიძე, ირინა
_911593
245 _aსაშვილოსნოს ტანისა და სარძევე ჯირკვლის სიმსივნით დაავადებული ქალების ერითროციტული ჯგუფური ანტიგენური სისტემები (ABO; Rh-Hr; Kell; MN) და ზოგიერთი კლინიკო - პათოლოგიური მახასიათებლების ცვლილება აჭარის მოსახლეობის პოპულაციაში : დისერტაცია /
_cირინა ნაკაშიძე; მეცნ. ხელმძღვ. ა. დიასამიძე, ნ. კოტრიკაძე; ბათუმის შოთა რუსთაველის სახ-ფო უნ-ტი
264 _aბათუმი,
_c2018
300 _a235 გვ.;
_b30 სმ.
653 _aდისერტაცია
653 _aმედიცინა
653 _aსაშვილოსნოს ტანისა და სარძევე ჯირყვლის სიმსივნით დაავადებული ქალების ერითროციტული ჯგუფური ანტიგენური სისტემები (ABO; Rh-Hr; Kell; MN) და ზოგიერთი კლინიკო-პათოლოგიური მახასიათებლების ცვლილება აჭარის მოსახლეობის პოპულაციაში
700 _aდიასამიძე, ა.
_eსამეცნიერო ხელმძღვანელი
_91129
700 _aკოტრიკაძე, ნ.
_eსამეცნიერო ხელმძღვანელი
_98331
942 _cBK
_2udc